000
00221 a2200097 4500
001
30159
100
_a
Bliss, William
245
_a
The real Shakespeare
260
_a
London
_b
Sidgwick & Jackson
_c
090
_c
20102
_d
20102
942
_a
NUST-CAE
_c
M
_c
11229
999
_c
265232
_d
265232